| 000 | 00426nam a2200157Ia 4500 | ||
|---|---|---|---|
| 005 | 20250612013150.0 | ||
| 008 | 240331s9999 xx 000 0 und d | ||
| 020 | _a9559567519 | ||
| 082 |
_bHAT _a322 |
||
| 100 | _aHaththaka,M | ||
| 245 | 0 |
_aAl nakka-maha nespaththiya : _bPalasteena Isral getuma |
|
| 260 |
_aNugegoda _bSarasavi book shop _c2004 |
||
| 300 | _a499 p ., | ||
| 500 | _aA book of Palastine- isral war | ||
| 942 | _cL | ||
| 999 |
_c5056 _d5056 |
||